Was That a Real Country? - Statistics

General Stats
  • This quiz has been taken 282 times
  • The average score is 11 of 20
Answer Stats
Question Answer % Correct
Union of Southern Slavia Not Real
91%
Royal State of Elizabeth Not Real
91%
Kingdom of Kongo Real
91%
Seventh Warsaw Union Not Real
82%
Lima Confederation Not Real
73%
Yaprana Not Real
64%
Hungarian Soviet Republic Real
64%
Great Siberian Union Not Real
55%
Kurzidistan Not Real
55%
Empire of Brazil Real
55%
Socialist Republic of Botswana Not Real
45%
Kingdom of Kandy Real
36%
Latin Empire Real
36%
People's Republic of Crimea Real
36%
Arborea Real
36%
People's Democratic Republic of Yemen Real
36%
Mecklenburg Real
36%
Khazaria Real
36%
Empire of Swaziland Not Real
27%
United States of Belgium Real
27%
No matching quizzes found
Score Distribution
Percent of People with Each Score
Percentile by Number Answered
Your Score History
You have not taken this quiz